Electronic devices / (Record no. 194897)

MARC details
000 -LEADER
fixed length control field 00624nam a22002177a 4500
005 - DATE AND TIME OF LATEST TRANSACTION
control field 20230127145720.0
010 ## - LCCN (DPL NO)
LC control number B-043133
020 ## - INTERNATIONAL STANDARD BOOK NUMBER
International Standard Book Number 8178088355
Terms of availability 510.00
035 ## - SYSTEM CONTROL NUMBER
System control number B-043133
037 ## - SOURCE OF ACQUISITION
Source of stock number/acquisition UBH
082 ## - DEWEY DECIMAL CLASSIFICATION NUMBER
Classification number 621.3
100 ## - MAIN ENTRY--PERSONAL NAME
Personal name Floyd, Thomas L.
245 ## - TITLE STATEMENT
Title Electronic devices /
Statement of responsibility, etc by Thomas L. Floyd
250 ## - EDITION STATEMENT
Edition statement 6th ed.
260 ## - PUBLICATION, DISTRIBUTION, ETC. (IMPRINT)
Place of publication, distribution, etc Delhi
Name of publisher, distributor, etc Pearson Educations
Date of publication, distribution, etc 2009
270 ## - ADDRESS
Address 482 FIF, Patparganj
City Delhi
Postal code 110092
300 ## - PHYSICAL DESCRIPTION
Extent xiii, 993p.
Dimensions 30cm(pbk)
500 ## - GENERAL NOTE
General note Includes glossary and index
942 ## - ADDED ENTRY ELEMENTS (KOHA)
Source of classification or shelving scheme Dewey Decimal Classification
Item type English Books
Call number suffix FLO
Classification part 621.3
Holdings
Withdrawn status Lost status Not for loan Collection code Home library Current library Date acquired Full call number Barcode Cost, replacement price Koha item type
      Non-fiction Sarojini Nagar Sarojini Nagar 27/01/2023 621.3 FLO B-083133 510.00 English Books

© Delhi Public Library
Hit Counter
free hit counter